DreamWorks Animation Movies - Statistics

General Stats
  • This quiz has been taken 149 times
    7 since last reset
  • The average score is 18 of 55
Answer Stats
Year Movie % Correct
2001 Shrek
100%
2004 Shrek 2
67%
2027 Shrek 5
67%
2007 Shrek the Third
67%
2017 The Boss Baby
67%
2016 Trolls
67%
1998 Antz
50%
2007 Bee Movie
50%
2008 Kung Fu Panda
50%
2004 Shark Tale
50%
2010 Shrek Forever After
50%
2002 Spirit: Stallion of the Cimarron
50%
2022 The Bad Guys
50%
2021 The Boss Baby: Family Business
50%
1998 The Prince of Egypt
50%
2024 The Wild Robot
50%
2023 Trolls Band Together
50%
2020 Trolls World Tour
50%
2013 Turbo
50%
2000 Chicken Run
33%
2015 Home
33%
2025 How to Train Your Dragon
33%
2010 How to Train Your Dragon
33%
2011 Kung Fu Panda 2
33%
2016 Kung Fu Panda 3
33%
2024 Kung Fu Panda 4
33%
2005 Madagascar
33%
2009 Monsters vs. Aliens
33%
2006 Over the Hedge
33%
2003 Sinbad: Legend of the Seven Seas
33%
2021 Spirit Untamed
33%
2025 The Bad Guys 2
33%
2000 The Road to El Dorado
33%
2005 Wallace & Gromit: The Curse of the Were-Rabbit
33%
2017 Captain Underpants: The First Epic Movie
17%
2025 Dog Man
17%
2006 Flushed Away
17%
2027 How to Train Your Dragon 2
17%
2014 How to Train Your Dragon 2
17%
2019 How to Train Your Dragon: The Hidden World
17%
2012 Madagascar 3: Europe's Most Wanted
17%
2008 Madagascar: Escape 2 Africa
17%
2010 Megamind
17%
2014 Mr. Peabody & Sherman
17%
2015 Penguins of Madagascar
17%
2012 Rise of the Guardians
17%
2023 Ruby Gillman: Teenage Kraken
17%
2013 The Croods
17%
2020 The Croods: A New Age
17%
2019 Abominable
0%
2027 Cocomelon: The Movie
0%
2026 Forgotten Island
0%
2025 Gabby's Dollhouse: The Movie
0%
2011 Puss in Boots
0%
2022 Puss in Boots: The Last Wish
0%
No matching quizzes found
Score Distribution
Percent of People with Each Score
Percentile by Number Answered
Your Score History
You have not taken this quiz since the last reset